Βιβλιοθήκη Γενικής Γραμματείας Επικοινωνίας & Ενημέρωσης

Κράτος και επανάσταση | Η διδασκαλία του μαρξισμού για το κράτος και τα καθήκοντα του προλεταριάτου στην επανάσταση | Β.Ι.Λένιν (Αριθ. εγγραφής 6917)

Στοιχεία MARC
000 -ΕΤΙΚΕΤΑ ΕΓΓΡΑΦΗΣ (LEADER)
Σταθερού μήκους πεδίο ελέγχου 00806nam a2200205 4500
003 - PERSISTENT ΑΝΑΓΝΩΡΙΣΤΙΚΟ ΕΓΓΡΑΦΗΣ
Πεδίο ελέγχου GR-kaGGEEl
005 - ΤΑΥΤΟΤΗΤΑ ΕΚΔΟΧΗΣ
Πεδίο ελέγχου 20220622205424.0
035 ## - ΑΡΙΘΜΟΙ ΕΛΕΓΧΟΥ ΑΛΛΩΝ ΣΥΣΤΗΜΑΤΩΝ
Αριθμός ελέγχου συστήματος 6762
100 ## - ΓΕΝΙΚΑ ΔΕΔΟΜΕΝΑ ΕΠΕΞΕΡΓΑΣΙΑΣ
Γενικά δεδομένα επεξεργασίας 20090424d |||y0grey50 ga
200 1# - ΤΙΤΛΟΣ ΚΑΙ ΔΗΛΩΣΗ ΠΝΕΥΜΑΤΙΚΗΣ ΥΠΕΥΘΥΝΟΤΗΤΑΣ
Κύριος Τίτλος Κράτος και επανάσταση
Πρώτη Δήλωση Πνευματικής Υπευθυνότητας Β.Ι.Λένιν
Υπότιτλος Η διδασκαλία του μαρξισμού για το κράτος και τα καθήκοντα του προλεταριάτου στην επανάσταση
210 ## - ΔΗΜΟΣΙΕΥΣΗ, ΔΙΑΘΕΣΗ κ.λ.π.
Τόπος δημοσίευσης, διάθεσης, κλπ. Αθήνα
Όνομα εκδότη, διαθέτη, κλπ. Σύγχρονη Εποχή
Ημερομηνία δημοσίευσης, διάθεσης κλπ. 1984
606 1# - ΘΕΜΑΤΙΚΟ ΣΗΜΕΙΟ ΠΡΟΣΒΑΣΗΣ - ΘΕΜΑΤΙΚΟ ΟΝΟΜΑ
Στοιχείο αναγραφής κομμουνισμός-Σοβιετική Ένωση
Εσωτερικός κωδικός Koha 16145
676 ## - ΔΕΚΑΔΙΚΗ ΤΑΞΙΝΟΜΗΣΗ DEWEY (DDC)
Αριθμός 335.4
Έκδοση 19
701 #1 - ΟΝΟΜΑ ΠΡΟΣΩΠΟΥ - ΕΝΑΛΛΑΚΤΙΚΗ ΥΠΕΥΘΥΝΟΤΗΤΑ
Κωδικός ρόλων Συγγραφέας
Στοιχείο αναγραφής Λένιν Ι.
Τμήμα του ονόματος εκτός από το στοιχείο αναγραφής Β.
712 02 - ΣΥΛΛΟΓΙΚΟ ΟΡΓΑΝΟ - ΔΕΥΤΕΡΕΥΟΥΣΑ ΥΠΕΥΘΥΝΟΤΗΤΑ
Κωδικός ρόλων Εκδότης
Στοιχείο αναγραφής Σύγχρονη Εποχή
Εσωτερικός κωδικός Koha 22772
942 ## - ADDED ENTRY ELEMENTS (KOHA)
Τύπος αντιτύπου Koha Βιβλίο
Αντίτυπα
Withdrawn status Lost status Ημερομηνία απόκτησης Barcode Ταξιθετικός αριθμός Τύπος δανεισμού (not for loan) Τύπος αντιτύπου και υλικού
    24/04/2009 009476 335.4 ΛΕΝ Μη διαθέσιμο Βιβλίο